[Event "POR-chT"]
[Site "Maia"]
[Date "2018.07.16"]
[Round "1.5"]
[White "Dias, Ivo Rodrigues"]
[Black "Neves, Pedro Alexandre Mai"]
[Result "1-0"]
[WhiteElo "2138"]
[BlackElo "2236"]
[PlyCount "67"]
[EventDate "2018.07.16"]
[EventType "team-tourn"]
[EventRounds "9"]
[EventCountry "POR"]
[SourceTitle "CBM 185 Extra"]
[Source "ChessBase"]
[SourceDate "2018.07.29"]
[SourceVersion "1"]
[SourceVersionDate "2018.07.29"]
[SourceQuality "1"]
[WhiteTeam "CX A2D"]
[BlackTeam "Montemor o Velho"]
[WhiteTeamCountry "POR"]
[BlackTeamCountry "POR"]

1. e4 c5 2. Nf3 e6 3. b3 Nc6 4. Bb2 a6 5. g3 d6 6. Bg2 b5 7. 0-0 Bb7 8. d4 cxd4 9. Nxd4 Qc7 10. a4 bxa4 11. Rxa4 Nf6 12. Nc3 Nd7 13. Nxc6 Bxc6 14. Ra2 Be7 15. Qe2 Bb7 16. Na4 0-0 17. Bd4 Qc6 18. c4 Bf6 19. Rd1 Bxd4 20. Rxd4 Nc5 21. Nxc5 dxc5 22. Rd3 Qb6 23. Qd1 Rad8 24. Rad2 Rxd3 25. Rxd3 h6 26. h4 Bc6 27. Rd6 Qb7 28. Qd3 a5 29. Qe3 Ra8 30. Qxc5 Rc8 31. Qxa5 Qxb3 32. Rxc6 Qd1+ 33. Kh2 Rxc6 34. Qa8+ 1-0

[Event "Lisbon Portugal op"]
[Site "Lisbon"]
[Date "2018.02.08"]
[Round "8"]
[White "Neves, Pedro Alexandre Mai"]
[Black "Guerra, Vitor Manuel Vestia"]
[Result "1-0"]
[WhiteElo "2242"]
[BlackElo "2113"]
[PlyCount "122"]
[EventDate "2018.02.03"]
[EventType "swiss"]
[EventRounds "9"]
[EventCountry "POR"]
[SourceTitle "CBM 182 Extra"]
[Source "ChessBase"]
[SourceDate "2018.02.23"]
[SourceVersion "1"]
[SourceVersionDate "2018.02.23"]
[SourceQuality "1"]

1. e4 c5 2. Nf3 e6 3. d4 cxd4 4. Nxd4 a6 5. Bd3 Nc6 6. Nxc6 dxc6 7. 0-0 e5 8. Nd2 Be6 9. a4 Bc5 10. Nc4 Bxc4 11. Bxc4 Qxd1 12. Rxd1 Nf6 13. Re1 Rd8 14. Kf1 Rd7 15. f3 Ke7 16. Ke2 Rhd8 17. c3 Ne8 18. Bb3 Nc7 19. g3 Ne6 20. Rd1 Rxd1 21. Bxd1 f6 22. Bc2 Nc7 23. Bd2 Ne6 24. Rf1 Bb6 25. f4 Bc5 26. Bb3 exf4 27. gxf4 Bd6 28. h4 Nc5 29. Bc2 h6 30. Be3 Nd7 31. h5 Bc5 32. Bc1 Bb6 33. Rf3 Bc7 34. Rg3 Kf8 35. Kf3 Re8 36. Kg4 a5 37. Kf5 Nb6 38. Kg4 Nd7 39. Re3 Bb6 40. Re1 Bc7 41. Kf3 Ke7 42. Rg1 Kf8 43. Rd1 Rd8 44. Be3 Ke7 45. Bb3 b6 46. Bc2 Bd6 47. Bd4 Bc7 48. Rb1 Bd6 49. Kg4 Bc5 50. Kf5 Nf8 51. Bxc5+ bxc5 52. Rg1 Rd2 53. Rxg7+ Ke8 54. Bb3 Rxb2 55. Bc4 Rc2 56. Kxf6 Nd7+ 57. Kf5 Rxc3 58. Be6 Nf8 59. Kf6 Rf3 60. f5 c4 61. Rc7 Rd3 1-0

[Event "Lisbon Portugal op"]
[Site "Lisbon"]
[Date "2018.02.04"]
[Round "4"]
[White "Neves, Pedro Alexandre Mai"]
[Black "Ruiz Bellon, Manuel"]
[Result "1-0"]
[WhiteElo "2242"]
[BlackElo "1886"]
[PlyCount "51"]
[EventDate "2018.02.03"]
[EventType "swiss"]
[EventRounds "9"]
[EventCountry "POR"]
[SourceTitle "EXT 2019"]
[Source "ChessBase"]
[SourceDate "2018.10.10"]
[SourceVersion "1"]
[SourceVersionDate "2018.10.10"]
[SourceQuality "1"]

1. e4 e6 2. d4 d5 3. Nd2 dxe4 4. Nxe4 Nf6 5. Bg5 Be7 6. Bxf6 Bxf6 7. Nf3 0-0 8. c3 Nd7 9. Bd3 Be7 10. 0-0 c5 11. Qe2 cxd4 12. cxd4 Nb6 13. Rac1 Nd5 14. Bb1 a6 15. Ne5 Bd7 16. Rfd1 Bb5 17. Qf3 Rc8 18. Nc5 b6 19. Nb7 Qe8 20. Be4 f6 21. Bxd5 exd5 22. Qxd5+ Kh8 23. Rxc8 Qxc8 24. Nf7+ Rxf7 25. Qxf7 Qxb7 26. Rc1 1-0

[Event "POR-chT"]
[Site "Porto"]
[Date "2015.08.22"]
[Round "9.4"]
[White "Neves, Pedro Alexandre Mai"]
[Black "Fidalgo, Andre Neves"]
[Result "1-0"]
[WhiteElo "2215"]
[BlackElo "2058"]
[PlyCount "109"]
[EventDate "2015.08.16"]
[EventType "team-tourn"]
[EventRounds "9"]
[EventCountry "POR"]
[SourceTitle "EXT 2016"]
[Source "ChessBase"]
[SourceDate "2015.10.08"]
[SourceVersion "1"]
[SourceVersionDate "2015.10.08"]
[SourceQuality "1"]
[WhiteTeam "Montemor o Velho"]
[BlackTeam "Santoantoniense"]
[WhiteTeamCountry "POR"]
[BlackTeamCountry "POR"]

1. c4 c5 2. Nc3 g6 3. g3 Bg7 4. Bg2 Nc6 5. a3 Nf6 6. Rb1 e6 7. e4 0-0 8. Nge2 Rb8 9. b4 d6 10. 0-0 b6 11. b5 Nd4 12. d3 Qc7 13. Bg5 Nd7 14. Qd2 Bb7 15. Kh1 Rfe8 16. Bh6 Nxe2 17. Nxe2 Bxh6 18. Qxh6 d5 19. cxd5 exd5 20. Nc3 Qe5 21. Rbc1 Nf6 22. f3 Rbd8 23. Rfd1 dxe4 24. dxe4 Rxd1+ 25. Nxd1 Rd8 26. Ne3 Qb2 27. Nc4 Qe2 28. h4 Bxe4 29. Qf4 Nh5 30. Qc7 Rd1+ 31. Rxd1 Qxd1+ 32. Kh2 Bxf3 33. Ne5 Bd5 34. Qd8+ Kg7 35. Qxd5 Qxd5 36. Bxd5 f5 37. Nc6 Nf6 38. Bb3 Ne4 39. Nxa7 Nd6 40. a4 c4 41. Bc2 c3 42. Nc6 Kf6 43. Kg2 Nc4 44. Kf3 Na3 45. Nb4 Ke5 46. Ke3 h6 47. Kd3 g5 48. hxg5 hxg5 49. Kxc3 f4 50. gxf4+ Kxf4 51. Nd5+ Kf3 52. Nf6 Kf4 53. Bd3 g4 54. Nxg4 Kxg4 55. Kb4 1-0

[Event "POR-chT"]
[Site "Porto"]
[Date "2015.08.17"]
[Round "3.4"]
[White "Stopa, Jacek"]
[Black "Neves, Pedro Alexandre Mai"]
[Result "1/2-1/2"]
[WhiteElo "2544"]
[BlackElo "2215"]
[PlyCount "85"]
[EventDate "2015.08.16"]
[EventType "team-tourn"]
[EventRounds "9"]
[EventCountry "POR"]
[SourceTitle "EXT 2016"]
[Source "ChessBase"]
[SourceDate "2015.10.08"]
[SourceVersion "1"]
[SourceVersionDate "2015.10.08"]
[SourceQuality "1"]
[WhiteTeam "Porto"]
[BlackTeam "Montemor o Velho"]
[WhiteTeamCountry "POR"]
[BlackTeamCountry "POR"]

1. d4 Nf6 2. c4 b6 3. Nc3 Bb7 4. Qc2 d5 5. cxd5 Nxd5 6. e4 Nxc3 7. bxc3 e5 8. dxe5 Nc6 9. Nf3 Qe7 10. Bf4 0-0-0 11. Be2 h6 12. 0-0 g5 13. Bg3 Bg7 14. Qa4 Qc5 15. Nd4 Kb8 16. Nxc6+ Bxc6 17. Qc4 Rde8 18. Qxc5 bxc5 19. Rab1+ Ka8 20. Bb5 Bxb5 21. Rxb5 Bxe5 22. Rxc5 Bxg3 23. fxg3 Re7 24. Rf6 Rb8 25. h3 Rb2 26. Rxh6 Kb7 27. a4 Rxe4 28. Rb5+ Rxb5 29. axb5 Re3 30. c4 Rxg3 31. Rf6 Rc3 32. Rxf7 Rxc4 33. Rf5 g4 34. hxg4 Rxg4 35. Kf2 a6 36. bxa6+ Kxa6 37. Kf3 Rg8 38. g4 Kb6 39. g5 c5 40. Rf6+ Kb5 41. g6 c4 42. Rf5+ Kb4 43. Rf6 1/2-1/2

[Event "POR-chT"]
[Site "Porto"]
[Date "2015.08.16"]
[Round "1.3"]
[White "Ferreira, Jorge Viterbo"]
[Black "Neves, Pedro Alexandre Mai"]
[Result "1-0"]
[WhiteElo "2447"]
[BlackElo "2215"]
[PlyCount "89"]
[EventDate "2015.08.16"]
[EventType "team-tourn"]
[EventRounds "9"]
[EventCountry "POR"]
[SourceTitle "EXT 2016"]
[Source "ChessBase"]
[SourceDate "2015.10.08"]
[SourceVersion "1"]
[SourceVersionDate "2015.10.08"]
[SourceQuality "1"]
[WhiteTeam "Dias Ferreira"]
[BlackTeam "Montemor o Velho"]
[WhiteTeamCountry "POR"]
[BlackTeamCountry "POR"]

1. d4 Nf6 2. c4 e6 3. Nf3 d5 4. Nc3 a6 5. Bg5 c6 6. e3 Be7 7. Bd3 b5 8. c5 Nbd7 9. b4 a5 10. a3 Nh5 11. Bf4 Nxf4 12. exf4 Qc7 13. g3 0-0 14. 0-0 Bf6 15. Qc2 g6 16. h4 Rd8 17. h5 Nf8 18. Kg2 Bd7 19. hxg6 fxg6 20. Rfb1 axb4 21. Rxb4 Ra7 22. a4 bxa4 23. Nxa4 Rb8 24. Rxb8 Qxb8 25. Rb1 Qc7 26. Rb4 Be8 27. Ne5 Nd7 28. Qb3 Nxe5 29. fxe5 Bd8 30. Be2 Kg7 31. Nb2 Bf7 32. Nd3 Qa5 33. Nf4 g5 34. Nh5+ Kh6 35. Nf6 Bxf6 36. exf6 Kg6 37. Rb8 Kxf6 38. Qf3+ Ke7 39. Qe3 h6 40. Rh8 Qc7 41. Rxh6 Kd7 42. Rh7 Ke8 43. Bh5 Bxh5 44. Qxe6+ Kf8 45. Rxc7 1-0

[Event "POR CupT 1/8f-1/4f"]
[Site "Madeira, Torres Novas"]
[Date "2015.06.22"]
[Round "3.8"]
[White "Taboas Rodriguez, Daniel"]
[Black "Neves, Pedro Alexandre Mai"]
[Result "0-1"]
[WhiteElo "2399"]
[BlackElo "2184"]
[PlyCount "144"]
[EventDate "2015.05.23"]
[EventType "team-k.o."]
[EventRounds "6"]
[EventCountry "POR"]
[SourceTitle "EXT 2018"]
[Source "ChessBase"]
[SourceDate "2017.10.13"]
[SourceVersion "1"]
[SourceVersionDate "2017.10.13"]
[SourceQuality "1"]
[WhiteTeam "Coimbra"]
[BlackTeam "Montemor o Velho"]
[WhiteTeamCountry "POR"]
[BlackTeamCountry "POR"]

1. d4 d5 2. Nf3 e6 3. c4 f5 4. Bf4 Nf6 5. e3 c6 6. Nbd2 Nbd7 7. Bd3 Ne4 8. 0-0 Be7 9. Ne5 0-0 10. Bxe4 dxe4 11. f3 g5 12. Nxd7 Bxd7 13. Be5 exf3 14. Qxf3 g4 15. Qf2 Bf6 16. Bxf6 Qxf6 17. Qf4 Qg7 18. c5 e5 19. dxe5 Be6 20. Nb3 Rae8 21. Nd4 Bc8 22. e4 fxe4 23. Qxe4 Rxf1+ 24. Rxf1 Rxe5 25. Qc2 Rd5 26. Ne2 Qe5 27. Qc4 Qe3+ 28. Kh1 Qxc5 29. Qb3 Kg7 30. Ng3 Qe7 31. Qc3+ Kg8 32. Qc1 Re5 33. Qc4+ Kg7 34. Qd4 c5 35. Qc3 Kg8 36. Qc4+ Be6 37. Qf4 Bd7 38. Qc4+ Qe6 39. Qf4 Kg7 40. Qf8+ Kg6 41. Qb8 Re1 42. Qxb7 Bc6 43. Qb3 Qxb3 44. axb3 Rxf1+ 45. Nxf1 Kf5 46. Kg1 Ke4 47. Kf2 Bd5 48. Ne3 g3+ 49. hxg3 Bxb3 50. Ke2 Be6 51. Kd2 Kd4 52. Nd1 Kc4 53. Nc3 Bf5 54. Nd1 Kb3 55. Kc1 Be4 56. Ne3 a5 57. g4 a4 58. g3 c4 59. Nf1 c3 60. bxc3 Kxc3 61. Nd2 Bg6 62. g5 a3 63. Nb1+ Kb4 64. Nd2 Kc5 65. Nb3+ Kc4 66. Nd2+ Kd4 67. g4 Kc5 68. Nb3+ Kb4 69. Nd4 Be4 70. Ne2 Kc4 71. Ng3 Bd3 72. Nf5 Kc3 0-1

[Event "Coimbra op"]
[Site "Coimbra"]
[Date "2015.05.03"]
[Round "7"]
[White "Paunovic, Dragan"]
[Black "Neves, Pedro Alexandre Mai"]
[Result "1-0"]
[WhiteElo "2442"]
[BlackElo "2189"]
[PlyCount "97"]
[EventDate "2015.04.30"]
[EventType "swiss"]
[EventRounds "7"]
[EventCountry "POR"]
[SourceTitle "CBM 166 Extra"]
[Source "ChessBase"]
[SourceDate "2015.06.18"]
[SourceVersion "1"]
[SourceVersionDate "2015.06.18"]
[SourceQuality "1"]

1. Nf3 Nf6 2. g3 b5 3. Bg2 Bb7 4. 0-0 c5 5. c3 d5 6. d4 Ne4 7. Nbd2 Nxd2 8. Bxd2 e6 9. a4 a6 10. axb5 axb5 11. Rxa8 Bxa8 12. Qa1 Bb7 13. Qa7 Qc8 14. Qa5 Bc6 15. Ne5 Bd6 16. Bf4 0-0 17. Ng6 Qd8 18. Qxd8 Rxd8 19. Bxd6 Rxd6 20. dxc5 Rd7 21. Ne5 Ra7 22. e4 Ba8 23. exd5 exd5 24. Rd1 Na6 25. Ra1 Kf8 26. c6 Ke8 27. c7 Bb7 28. Bxd5 Bc8 29. Bxf7+ Kf8 30. Ra5 Rxc7 31. Rxb5 Rxf7 32. Nxf7 Kxf7 33. b4 Ke7 34. h4 Nc7 35. Ra5 Kd6 36. Kf1 Nd5 37. Ke1 Bd7 38. Kd2 Nf6 39. c4 Ng4 40. f4 Nf2 41. Ke3 Ng4+ 42. Kd4 Nh6 43. Ra6+ Kc7 44. Ra7+ Kc8 45. Ke5 Ng4+ 46. Kd6 Nf6 47. Ra8+ Kb7 48. Rf8 Be8 49. g4 1-0

[Event "St Joao da Madeira op 10th"]
[Site "Sao Joao da Madeira"]
[Date "2013.10.13"]
[Round "7.2"]
[White "Neves, Pedro Alexandre Mai"]
[Black "Dias, Ivo Rodrigues"]
[Result "1-0"]
[WhiteElo "2153"]
[BlackElo "1936"]
[PlyCount "85"]
[EventDate "2013.10.05"]
[EventType "swiss"]
[EventRounds "7"]
[EventCountry "POR"]
[SourceTitle "EXT 2015"]
[Source "ChessBase"]
[SourceDate "2014.11.20"]
[SourceVersion "1"]
[SourceVersionDate "2014.11.20"]
[SourceQuality "1"]

1. d4 Nf6 2. Nf3 b6 3. Bg5 Ne4 4. Bf4 Bb7 5. Nbd2 d5 6. e3 e6 7. Nxe4 dxe4 8. Ne5 Be7 9. h4 0-0 10. Qg4 Nd7 11. Qg3 Kh8 12. Bb5 Nf6 13. Nc6 Qe8 14. d5 Nxd5 15. Nxe7 Qxe7 16. 0-0-0 Qc5 17. Ba4 Nc3 18. bxc3 Qa3+ 19. Kb1 Qxa4 20. Rd4 Qb5+ 21. Rb4 Qc5 22. Kb2 f6 23. Qg4 e5 24. Bh2 a5 25. Rb3 Bd5 26. h5 Bxb3 27. axb3 a4 28. h6 a3+ 29. Ka2 g6 30. c4 b5 31. Qd7 Rg8 32. Qe6 Qd6 33. Qxd6 cxd6 34. cxb5 Rgc8 35. c4 d5 36. Rc1 Rc5 37. f4 exf3 38. gxf3 dxc4 39. bxc4 Rac8 40. Kb3 Rxc4 41. Rxc4 Rxc4 42. Kxa3 Rh4 43. b6 1-0

[Event "St Joao da Madeira op 10th"]
[Site "Sao Joao da Madeira"]
[Date "2013.10.12"]
[Round "5.3"]
[White "Neves, Pedro Alexandre Mai"]
[Black "Guimaraes, Rui"]
[Result "1-0"]
[WhiteElo "2153"]
[BlackElo "2132"]
[PlyCount "93"]
[EventDate "2013.10.05"]
[EventType "swiss"]
[EventRounds "7"]
[EventCountry "POR"]
[SourceTitle "EXT 2015"]
[Source "ChessBase"]
[SourceDate "2014.11.20"]
[SourceVersion "1"]
[SourceVersionDate "2014.11.20"]
[SourceQuality "1"]

1. c4 Nf6 2. Nc3 g6 3. e4 e5 4. g3 d6 5. Bg2 Nc6 6. Nge2 Bg7 7. 0-0 0-0 8. d3 Nh5 9. Be3 f5 10. Qd2 Nd4 11. Bg5 Nxe2+ 12. Nxe2 Qe8 13. exf5 gxf5 14. d4 f4 15. gxf4 h6 16. fxe5 hxg5 17. Qxg5 dxe5 18. Bd5+ Be6 19. Bxe6+ Qxe6 20. Qxh5 exd4 21. Ng3 Rae8 22. Qg5 Rf6 23. Rad1 Rg6 24. Qc5 c6 25. Qxa7 Qxc4 26. Qxb7 Qxa2 27. b3 Qe2 28. Qd7 Rf8 29. Rde1 Qf3 30. Re8 Rgf6 31. Rxf8+ Rxf8 32. Qe6+ Kh8 33. Qe4 Qf6 34. f4 c5 35. Qd5 Qh4 36. f5 Qe7 37. Kg2 Bh6 38. b4 cxb4 39. Qxd4+ Bg7 40. Qc4 Bc3 41. Rf4 Qb7+ 42. Ne4 Rf7 43. Qe6 Rg7+ 44. Kf3 Qa8 45. f6 Rh7 46. f7 Bg7 47. Qe8+ 1-0

[Event "Wch U20 52nd"]
[Site "Kocaeli"]
[Date "2013.09.21"]
[Round "8"]
[White "Temizkan, Denizcan"]
[Black "Neves, Pedro Alexandre Mai"]
[Result "1/2-1/2"]
[WhiteElo "1921"]
[BlackElo "2212"]
[PlyCount "130"]
[EventDate "2013.09.13"]
[EventType "swiss"]
[EventRounds "13"]
[EventCountry "TUR"]
[SourceTitle "CBM 156 Extra"]
[Source "ChessBase"]
[SourceDate "2013.10.22"]
[SourceVersion "1"]
[SourceVersionDate "2013.10.22"]
[SourceQuality "1"]

1. d4 Nf6 2. c4 e6 3. Nf3 d5 4. Nc3 c6 5. e3 a6 6. Qc2 dxc4 7. Bxc4 b5 8. Be2 Nbd7 9. 0-0 Bb7 10. Rd1 Qc7 11. Bd2 Rc8 12. Rac1 Qb8 13. Qb1 c5 14. h3 Bd6 15. Be1 0-0 16. dxc5 Nxc5 17. b4 Nce4 18. Nxe4 Bxe4 19. Qb2 Nd5 20. Ng5 Bg6 21. Bf3 Be5 22. Qb3 Nf6 23. Be2 h6 24. Nf3 Be4 25. a4 Bd5 26. Qa3 Bc4 27. Bxc4 Rxc4 28. Rxc4 bxc4 29. Nxe5 Qxe5 30. Bc3 Qf5 31. Bxf6 gxf6 32. Qc3 Rc8 33. Rd4 Qe5 34. f4 Qc7 35. Rd2 Kg7 36. g4 e5 37. fxe5 Qxe5 38. Qxe5 fxe5 39. Rc2 Kf6 40. Kf2 e4 41. Ke2 c3 42. b5 axb5 43. axb5 Kg5 44. Kf2 Kh4 45. Kg2 Rc5 46. b6 Rb5 47. Rxc3 Rb2+ 48. Kf1 Rxb6 49. Rc4 Kxh3 50. Rxe4 Re6 51. Rf4 Rxe3 52. Rxf7 Kxg4 53. Kg2 Re2+ 54. Rf2 Re4 55. Rf8 h5 56. Rg8+ Kh4 57. Kh2 Re2+ 58. Rg2 Re3 59. Rg8 Ra3 60. Rg7 Ra4 61. Rg8 Rg4 62. Rxg4+ hxg4 63. Kg2 Kh5 64. Kg3 Kg5 65. Kg2 Kf4 1/2-1/2

[Event "Wch U20 52nd"]
[Site "Kocaeli"]
[Date "2013.09.15"]
[Round "3"]
[White "Neves, Pedro Alexandre Mai"]
[Black "Sahin, Ozgun"]
[Result "1-0"]
[WhiteElo "2212"]
[BlackElo "1857"]
[PlyCount "23"]
[EventDate "2013.09.13"]
[EventType "swiss"]
[EventRounds "13"]
[EventCountry "TUR"]
[SourceTitle "CBM 156 Extra"]
[Source "ChessBase"]
[SourceDate "2013.10.22"]
[SourceVersion "1"]
[SourceVersionDate "2013.10.22"]
[SourceQuality "1"]

1. c4 Nf6 2. g3 c6 3. Bg2 d5 4. Nf3 e6 5. b3 Be7 6. 0-0 Nbd7 7. Bb2 h6 8. Nc3 e5 9. Rc1 d4 10. Nb1 c5 11. Re1 0-0 12. Na3 1-0

[Event "POR-chT"]
[Site "Porto"]
[Date "2013.08.24"]
[Round "8.3"]
[White "Guimaraes, Rui"]
[Black "Neves, Pedro Alexandre Mai"]
[Result "0-1"]
[WhiteElo "2142"]
[BlackElo "2218"]
[PlyCount "70"]
[EventDate "2013.08.18"]
[EventType "team-tourn"]
[EventRounds "9"]
[EventCountry "POR"]
[SourceTitle "CBM 156 Extra"]
[Source "ChessBase"]
[SourceDate "2013.10.22"]
[SourceVersion "1"]
[SourceVersionDate "2013.10.22"]
[SourceQuality "1"]
[WhiteTeam "Ferroviarios do Barreiro"]
[BlackTeam "Montemor o Velho"]
[WhiteTeamCountry "POR"]
[BlackTeamCountry "POR"]

1. e4 c5 2. Nc3 Nc6 3. g3 g6 4. Bg2 Bg7 5. d3 d6 6. Nge2 Rb8 7. Be3 Nd4 8. 0-0 b5 9. Qd2 b4 10. Nd1 e5 11. Nc1 Bg4 12. f3 Be6 13. c3 bxc3 14. bxc3 Nc6 15. f4 exf4 16. Bxf4 Nge7 17. Bh6 0-0 18. Bxg7 Kxg7 19. Rf4 d5 20. Nf2 d4 21. c4 Qa5 22. Qe2 Qc3 23. Nb3 Rxb3 24. Re1 Rb2 25. Qf1 Qa5 26. e5 Qc7 27. Ne4 Nxe5 28. Ng5 Bf5 29. Be4 h6 30. Nh3 Bxh3 31. Qxh3 f5 32. Ref1 Rf7 33. Bf3 g5 34. Bh5 gxf4 35. Bxf7 Nxf7 0-1

[Event "POR-chT"]
[Site "Porto"]
[Date "2013.08.19"]
[Round "3.5"]
[White "Neves, Pedro Alexandre Mai"]
[Black "Ferreira, Jorge Viterbo"]
[Result "0-1"]
[WhiteElo "2218"]
[BlackElo "2390"]
[PlyCount "61"]
[EventDate "2013.08.18"]
[EventType "team-tourn"]
[EventRounds "9"]
[EventCountry "POR"]
[SourceTitle "CBM 156 Extra"]
[Source "ChessBase"]
[SourceDate "2013.10.22"]
[SourceVersion "1"]
[SourceVersionDate "2013.10.22"]
[SourceQuality "1"]
[WhiteTeam "Montemor o Velho"]
[BlackTeam "Dias Ferreira"]
[WhiteTeamCountry "POR"]
[BlackTeamCountry "POR"]

1. Nf3 g6 2. e4 Bg7 3. Nc3 c5 4. d4 cxd4 5. Nxd4 Nc6 6. Be3 d6 7. Bc4 Nf6 8. f3 0-0 9. Bb3 Bd7 10. Qd2 Rc8 11. 0-0-0 Nxd4 12. Bxd4 b5 13. h4 a5 14. a4 bxa4 15. Nxa4 Bxa4 16. Bxa4 Rc4 17. Bb3 Nxe4 18. Qf4 Rxd4 19. Rxd4 Nc5 20. Rd5 Qb6 21. Rxc5 Qxc5 22. g4 e6 23. g5 Rb8 24. Qa4 Qe5 25. c3 Qe3+ 26. Kb1 d5 27. Ka2 d4 28. cxd4 Rb4 29. Qa3 Bxd4 30. Rd1 Qe2 31. Rb1 0-1

[Event "POR-ch"]
[Site "Pampilhosa da Serra"]
[Date "2012.08.12"]
[Round "9"]
[White "Neves, Pedro Alexandre Mai"]
[Black "Ulyanovskyy, Vladimir Viktorovic"]
[Result "1/2-1/2"]
[WhiteElo "2244"]
[BlackElo "2066"]
[PlyCount "74"]
[EventDate "2012.08.04"]
[EventType "tourn"]
[EventRounds "9"]
[EventCountry "POR"]
[EventCategory "1"]
[SourceTitle "CBM 149 Extra"]
[Source "ChessBase"]
[SourceDate "2012.08.24"]
[SourceVersion "1"]
[SourceVersionDate "2012.08.24"]
[SourceQuality "1"]

1. e4 c5 2. Nf3 e6 3. d4 cxd4 4. Nxd4 a6 5. Bd3 Qc7 6. c4 Nf6 7. Nc3 Be7 8. Qe2 d6 9. 0-0 0-0 10. Kh1 Nc6 11. Nxc6 bxc6 12. f4 Nd7 13. Rf3 g6 14. Be3 c5 15. Rg3 Bf6 16. Rf1 Bxc3 17. bxc3 f5 18. Bc1 Bb7 19. e5 Rae8 20. Re1 Rf7 21. Bc2 dxe5 22. fxe5 f4 23. Rh3 Ref8 24. Kg1 f3 25. gxf3 Rxf3 26. Rxf3 Bxf3 27. Qe3 Qb7 28. Qg5 Nb6 29. Be3 Qc7 30. Rf1 Nd7 31. Bf4 Bb7 32. Bxg6 hxg6 33. Qxg6+ Kh8 34. Qh6+ Kg8 35. Qg6+ Kh8 36. Qh6+ Kg8 37. Qg6+ Kh8 1/2-1/2

[Event "POR-ch"]
[Site "Pampilhosa da Serra"]
[Date "2012.08.11"]
[Round "8"]
[White "Guerreiro, Nuno M"]
[Black "Neves, Pedro Alexandre Mai"]
[Result "1-0"]
[WhiteElo "2068"]
[BlackElo "2244"]
[PlyCount "67"]
[EventDate "2012.08.04"]
[EventType "tourn"]
[EventRounds "9"]
[EventCountry "POR"]
[EventCategory "1"]
[SourceTitle "CBM 149 Extra"]
[Source "ChessBase"]
[SourceDate "2012.08.24"]
[SourceVersion "1"]
[SourceVersionDate "2012.08.24"]
[SourceQuality "1"]

1. Nf3 d5 2. g3 Bg4 3. Bg2 c6 4. d3 Nd7 5. 0-0 e6 6. b3 h5 7. h4 Qc7 8. c4 Bd6 9. Bb2 Ne7 10. Qe1 Rg8 11. Nbd2 Bb4 12. a3 Bxf3 13. exf3 Bxd2 14. Qxd2 Nc5 15. Qd1 g5 16. hxg5 Rxg5 17. f4 Rg6 18. b4 Nd7 19. Qxh5 0-0-0 20. Rfe1 dxc4 21. dxc4 Nf5 22. Rad1 Rdg8 23. Rd3 Qb6 24. Kf1 Nc5 25. Bd4 Nxd3 26. Bxb6 Nxe1 27. Bxa7 Nxg2 28. Kxg2 Kc7 29. Bc5 b6 30. Bd4 Kb7 31. Bc3 Rd8 32. Be5 Rd2 33. Qh8 Nd6 34. Qf8 1-0

[Event "POR-ch"]
[Site "Pampilhosa da Serra"]
[Date "2012.08.04"]
[Round "1"]
[White "Galego, Luis"]
[Black "Neves, Pedro Alexandre Mai"]
[Result "1-0"]
[WhiteElo "2495"]
[BlackElo "2244"]
[PlyCount "110"]
[EventDate "2012.08.04"]
[EventType "tourn"]
[EventRounds "9"]
[EventCountry "POR"]
[EventCategory "1"]
[SourceTitle "CBM 149 Extra"]
[Source "ChessBase"]
[SourceDate "2012.08.24"]
[SourceVersion "1"]
[SourceVersionDate "2012.08.24"]
[SourceQuality "1"]

1. e4 c5 2. Nf3 Nc6 3. Nc3 g6 4. Bb5 Bg7 5. 0-0 e5 6. Bxc6 dxc6 7. d3 Qc7 8. a4 a5 9. Be3 b6 10. Nd2 Nf6 11. Nc4 Nh5 12. Qd2 Be6 13. b3 0-0 14. Bh6 Rfb8 15. Bxg7 Kxg7 16. Ne3 f6 17. Ne2 Rd8 18. f3 Rd7 19. g3 b5 20. Kg2 c4 21. bxc4 bxc4 22. Qc3 cxd3 23. cxd3 Rad8 24. Rfd1 Qb6 25. Nc2 Qa6 26. Nc1 g5 27. Rb1 Bc4 28. Ne1 Kh8 29. Rd2 Rd6 30. Rdb2 Be6 31. Rb6 Qa8 32. Ne2 Ng7 33. Rb7 Bc8 34. R7b6 Ne6 35. R1b2 Bd7 36. Qa3 Be8 37. Rb7 R6d7 38. Rxd7 Rxd7 39. Rb6 Kg7 40. Qc3 Rd6 41. Qb3 Kf8 42. Qa3 Ke7 43. Nc2 Qa7 44. Ne3 Qxb6 45. Nf5+ Kd8 46. Qxd6+ Bd7 47. Qe7+ Kc7 48. Qxf6 Qb2 49. Kf2 Qb6+ 50. Ne3 Qc5 51. f4 exf4 52. gxf4 gxf4 53. Nxf4 Nd4 54. Qg7 h5 55. h4 Qb4 1-0

[Event "POR-chT"]
[Site "Porto"]
[Date "2012.07.26"]
[Round "6.2"]
[White "Neves, Pedro Alexandre Mai"]
[Black "Kolosowski, Mateusz"]
[Result "0-1"]
[WhiteElo "2244"]
[BlackElo "2413"]
[PlyCount "57"]
[EventDate "2012.07.21"]
[EventType "team-tourn"]
[EventRounds "9"]
[EventCountry "POR"]
[SourceTitle "CBM 149 Extra"]
[Source "ChessBase"]
[SourceDate "2012.08.24"]
[SourceVersion "1"]
[SourceVersionDate "2012.08.24"]
[SourceQuality "1"]
[WhiteTeam "Montemor o Velho"]
[BlackTeam "Coimbra"]
[WhiteTeamCountry "POR"]
[BlackTeamCountry "POR"]

1. Nf3 Nf6 2. g3 g6 3. Bg2 Bg7 4. 0-0 d5 5. c4 dxc4 6. Na3 Be6 7. Ne5 Bd5 8. Nexc4 Bxg2 9. Kxg2 Qd5+ 10. Kg1 Nc6 11. d3 0-0-0 12. Rb1 h5 13. f3 Qe6 14. b4 Nd5 15. Bd2 h4 16. g4 f5 17. b5 Ne5 18. e4 fxe4 19. fxe4 Nb6 20. Nxe5 Bxe5 21. Rb3 h3 22. Kh1 Rhf8 23. Rxf8 Rxf8 24. Be3 Nd5 25. d4 Nxe3 26. Rxe3 Bxd4 27. Re1 Bf2 28. Re3 Be1 29. Rxe1 0-1

[Event "Wch U18"]
[Site "Caldas Novas"]
[Date "2011.11.23"]
[Round "6"]
[White "Neves, Pedro Alexandre Mai"]
[Black "Ten Hertog, Hugo"]
[Result "1/2-1/2"]
[WhiteElo "2222"]
[BlackElo "2344"]
[PlyCount "107"]
[EventDate "2011.11.18"]
[EventType "swiss"]
[EventRounds "9"]
[EventCountry "BRA"]
[SourceTitle "EXT 2013"]
[Source "ChessBase"]
[SourceDate "2012.11.22"]
[SourceVersion "1"]
[SourceVersionDate "2012.11.22"]
[SourceQuality "1"]

1. c4 e6 2. Nf3 Nf6 3. g3 d5 4. Bg2 Be7 5. 0-0 0-0 6. b3 b6 7. Bb2 Bb7 8. d3 Nbd7 9. e3 c5 10. Nbd2 Rc8 11. Re1 Qc7 12. Qc2 Bd6 13. e4 dxe4 14. dxe4 e5 15. Nb1 a6 16. Nc3 Rce8 17. Re2 Nb8 18. Rae1 Bc8 19. Nd5 Nxd5 20. exd5 f6 21. Nh4 f5 22. Nf3 Nd7 23. Qc3 Re7 24. Ng5 Nf6 25. Ne6 Bxe6 26. dxe6 Rxe6 27. Qc2 g6 28. Bd5 Nxd5 29. cxd5 Re7 30. f4 e4 31. Qc3 Kf7 32. Rc1 Ke8 33. a3 Rd7 34. Qd2 Qb7 35. Ree1 Rff7 36. Red1 Rde7 37. Bc3 h5 38. h4 Qb8 39. Qe2 Qb7 40. Bb2 Rd7 41. Qd2 Rde7 42. Qe2 Kd8 43. Qc4 Rc7 44. Be5 Rfd7 45. Qc3 Qa7 46. Bxd6 Rxd6 47. Qh8+ Kd7 48. Rc2 b5 49. Kh2 Qb6 50. Qg8 Rb7 51. Rd4 Qd8 52. Qf7+ Qe7 53. Qg8 Qd8 54. Qg7+ 1/2-1/2